| 000 | 00703nam a22002177a 4500 | ||
|---|---|---|---|
| 005 | 20260428182834.0 | ||
| 008 | 260428b |||||||| |||| 00| 0 eng d | ||
| 020 |
_a9798886131567 _qhb |
||
| 082 |
_a333.95 _bSWA.2E |
||
| 100 | _aSwaminathan, M. S. | ||
| 245 | _aIn search of biohappiness : biodiversity and food, health and livelihood security [2nd ed.] | ||
| 250 | _a2nd ed. [Centenary edition] | ||
| 260 |
_aSingapore _bWorld Scientific _c2025 |
||
| 300 | _axxviii, 205p. ; 23cm. | ||
| 653 | _aBiodiversity conservation--Economic aspects | ||
| 653 | _aFood security | ||
| 653 | _aFood supply | ||
| 653 | _aBiotechnology industries | ||
| 653 | _aSustainable agriculture | ||
| 942 |
_2ddc _cBK |
||
| 999 |
_c53153 _d53153 |
||